000 01173cam a22003737a 4500
003 CHAP
005 20220817043537.0
008 990531d1998 it a rn 00110 spa d
010 _a78063
011 _a79035
020 _a9253028033
035 _a89158
040 _cCHAP
082 0 4 _a630
_bF3Y v.88/3
110 2 _aFAO
245 1 3 _aLa ingeniería agraria en el desarrollo :
_bforja avanzada : manual de formación
_c/por J.B. Stokes
260 _aRome :
_bFAO,
_c1998.
300 _a87 p. :
_bilus.
410 2 _aFAO
490 0 _aFAO. Servicios agrícolas
_v; 88/3
590 _aBATCH-UPD
_b10
_c20130110
_lUCH01
_h1558
590 _aBATCH-UPD
_b10
_c20130410
_lUCH01
_h0956
590 _aBATCH-UPD
_b10
_c20130914
_lUCH01
_h1345
590 _aCONVERSION
_b10
_c20130109
_lUCH01
_h1343
650 1 4 _aIngeniería agrícola.
_958196
650 1 4 _aMaquinaria agrícola
_xFabricación y comercio.
_971172
700 0 _aStokes, J. B.
810 0 _aFAO
830 0 0 _aFAO. Servicios agrícolas
_v; 88/3
_939697
901 _aBK
905 _aLilia Sánchez G.
942 _cLIBRO
949 _a630 F3Y v.88/3
_bBC
_cFAO
_d33724000724878
_eFAO1
_h95520
_i89158
_kDonaciØn
_sb
999 _c78063
_d78063